<?xml version="1.0" encoding="UTF-8"?>
<record
    xmlns:xsi="http://www.w3.org/2001/XMLSchema-instance"
    xsi:schemaLocation="http://www.loc.gov/MARC21/slim http://www.loc.gov/standards/marcxml/schema/MARC21slim.xsd"
    xmlns="http://www.loc.gov/MARC21/slim">

  <leader>01325cam4a220037300 4500</leader>
  <controlfield tag="001">qce01275350</controlfield>
  <controlfield tag="005">20190826200544.0</controlfield>
  <controlfield tag="008">770415s1961    nyuabc   e    000 0deng  </controlfield>
  <datafield tag="010" ind1=" " ind2=" ">
    <subfield code="a">   61006565</subfield>
  </datafield>
  <datafield tag="035" ind1=" " ind2=" ">
    <subfield code="a">(Sirsi) r63238</subfield>
  </datafield>
  <datafield tag="035" ind1=" " ind2=" ">
    <subfield code="a">(QCAT)lss01556551</subfield>
  </datafield>
  <datafield tag="035" ind1=" " ind2=" ">
    <subfield code="a">(UPRA)qce01275350</subfield>
  </datafield>
  <datafield tag="040" ind1=" " ind2=" ">
    <subfield code="d">UPRA</subfield>
  </datafield>
  <datafield tag="050" ind1=" " ind2=" ">
    <subfield code="a">AE5</subfield>
    <subfield code="b">ENC 1961</subfield>
  </datafield>
  <datafield tag="082" ind1=" " ind2=" ">
    <subfield code="a">031</subfield>
  </datafield>
  <datafield tag="245" ind1="0" ind2="4">
    <subfield code="a">The Encyclopedia Americana :</subfield>
    <subfield code="b">the international reference work.</subfield>
  </datafield>
  <datafield tag="250" ind1=" " ind2=" ">
    <subfield code="a">[1961 ed.].</subfield>
  </datafield>
  <datafield tag="260" ind1=" " ind2=" ">
    <subfield code="a">New York :</subfield>
    <subfield code="b">Americana Corp.,</subfield>
    <subfield code="c">[1961]</subfield>
  </datafield>
  <datafield tag="350" ind1=" " ind2=" ">
    <subfield code="5">0.00</subfield>
  </datafield>
  <datafield tag="504" ind1=" " ind2=" ">
    <subfield code="a">Includes bibliographies.</subfield>
  </datafield>
  <datafield tag="650" ind1=" " ind2="0">
    <subfield code="a">Encyclopedias and dictionaries.</subfield>
    <subfield code="6">S750.1</subfield>
  </datafield>
  <datafield tag="740" ind1="0" ind2=" ">
    <subfield code="a">Americana.</subfield>
  </datafield>
  <datafield tag="949" ind1=" " ind2=" ">
    <subfield code="a">AE5</subfield>
    <subfield code="v">VOL. 1</subfield>
    <subfield code="w">lcc</subfield>
    <subfield code="i">-83706</subfield>
    <subfield code="m">MAIN</subfield>
    <subfield code="t">BOOK</subfield>
    <subfield code="l">ON-SHELF</subfield>
  </datafield>
  <datafield tag="949" ind1=" " ind2=" ">
    <subfield code="a">AE5</subfield>
    <subfield code="v">VOL. </subfield>
    <subfield code="w">lcc</subfield>
    <subfield code="i">-83707</subfield>
    <subfield code="m">MAIN</subfield>
    <subfield code="p">5000</subfield>
    <subfield code="t">REFRENCE</subfield>
    <subfield code="l">REFERENCE</subfield>
  </datafield>
  <datafield tag="949" ind1=" " ind2=" ">
    <subfield code="a">AE5</subfield>
    <subfield code="v">VOL. 2</subfield>
    <subfield code="w">lcc</subfield>
    <subfield code="i">-83708</subfield>
    <subfield code="m">MAIN</subfield>
    <subfield code="t">BOOK</subfield>
    <subfield code="l">ON-SHELF</subfield>
  </datafield>
  <datafield tag="949" ind1=" " ind2=" ">
    <subfield code="a">AE5</subfield>
    <subfield code="v">VOL. 3</subfield>
    <subfield code="w">lcc</subfield>
    <subfield code="i">-83709</subfield>
    <subfield code="m">MAIN</subfield>
    <subfield code="t">BOOK</subfield>
    <subfield code="l">ON-SHELF</subfield>
  </datafield>
  <datafield tag="949" ind1=" " ind2=" ">
    <subfield code="a">AE5</subfield>
    <subfield code="v">VOL. 4</subfield>
    <subfield code="w">lcc</subfield>
    <subfield code="i">-83710</subfield>
    <subfield code="m">MAIN</subfield>
    <subfield code="t">BOOK</subfield>
    <subfield code="l">ON-SHELF</subfield>
  </datafield>
  <datafield tag="949" ind1=" " ind2=" ">
    <subfield code="a">AE5</subfield>
    <subfield code="v">VOL. 5</subfield>
    <subfield code="w">lcc</subfield>
    <subfield code="i">-83711</subfield>
    <subfield code="m">MAIN</subfield>
    <subfield code="t">BOOK</subfield>
    <subfield code="l">ON-SHELF</subfield>
  </datafield>
  <datafield tag="949" ind1=" " ind2=" ">
    <subfield code="a">AE5</subfield>
    <subfield code="v">VOL. 6</subfield>
    <subfield code="w">lcc</subfield>
    <subfield code="i">-83712</subfield>
    <subfield code="m">MAIN</subfield>
    <subfield code="t">BOOK</subfield>
    <subfield code="l">ON-SHELF</subfield>
  </datafield>
  <datafield tag="949" ind1=" " ind2=" ">
    <subfield code="a">AE5</subfield>
    <subfield code="v">VOL. 7</subfield>
    <subfield code="w">lcc</subfield>
    <subfield code="i">-83713</subfield>
    <subfield code="m">MAIN</subfield>
    <subfield code="t">BOOK</subfield>
    <subfield code="l">ON-SHELF</subfield>
  </datafield>
  <datafield tag="949" ind1=" " ind2=" ">
    <subfield code="a">AE5</subfield>
    <subfield code="v">VOL. 8</subfield>
    <subfield code="w">lcc</subfield>
    <subfield code="i">-83714</subfield>
    <subfield code="m">MAIN</subfield>
    <subfield code="t">BOOK</subfield>
    <subfield code="l">ON-SHELF</subfield>
  </datafield>
  <datafield tag="949" ind1=" " ind2=" ">
    <subfield code="a">AE5</subfield>
    <subfield code="v">VOL. 9</subfield>
    <subfield code="w">lcc</subfield>
    <subfield code="i">-83715</subfield>
    <subfield code="m">MAIN</subfield>
    <subfield code="t">BOOK</subfield>
    <subfield code="l">ON-SHELF</subfield>
  </datafield>
  <controlfield tag="004">63238</controlfield>
  <datafield tag="999" ind1=" " ind2=" ">
    <subfield code="c">170733</subfield>
    <subfield code="d">170733</subfield>
  </datafield>
</record>
